Vier minderjährige Kraftfahrzeugdiebe: Umwelt, Versagen, Behandlung und Rückfälligkeit; zum Phänomen Kraftfahrzeugdiebstahl

Saved in:  
Bibliographic Details
Main Author: Mrowka, Hans-Jürgen (Author)
Format: Print Article
Language:German
Published: 1966
In: Soziale Arbeit
Year: 1966, Issue: 2, Pages: 53-61
Check availability: HBZ Gateway
Keywords:

MARC

LEADER 00000caa a22000002c 4500
001 1635865824
003 DE-627
005 20220608110518.0
007 tu
008 140129s1966 xx ||||| 00| ||ger c
035 |a (DE-627)1635865824 
035 |a (DE-576)400246333 
035 |a (DE-599)BSZ400246333 
040 |a DE-627  |b ger  |c DE-627  |e rakwb 
041 |a ger 
100 1 |a Mrowka, Hans-Jürgen  |4 aut 
245 1 0 |a Vier minderjährige Kraftfahrzeugdiebe  |b Umwelt, Versagen, Behandlung und Rückfälligkeit; zum Phänomen Kraftfahrzeugdiebstahl  |c Hans-Jürgen Mrowka 
264 1 |c 1966 
336 |a Text  |b txt  |2 rdacontent 
337 |a ohne Hilfsmittel zu benutzen  |b n  |2 rdamedia 
338 |a Band  |b nc  |2 rdacarrier 
773 0 8 |i In  |t Soziale Arbeit  |d Baden-Baden : Nomos Verlag, 1951  |g (1966), 2, Seite 53-61  |w (DE-627)129061026  |w (DE-600)403-0  |w (DE-576)014391783  |x 0490-1606  |7 nnas 
773 1 8 |g year:1966  |g number:2  |g pages:53-61 
951 |a AR 
ELC |b 1 
LOK |0 000 xxxxxcx a22 zn 4500 
LOK |0 001 3292660793 
LOK |0 003 DE-627 
LOK |0 004 1635865824 
LOK |0 005 20140129155449 
LOK |0 008 140129||||||||||||||||ger||||||| 
LOK |0 040   |a DE-21-110  |c DE-627  |d DE-21-110 
LOK |0 689   |a s  |a Diebstahl 
LOK |0 689   |a s  |a Minderjährige 
LOK |0 852   |z Kein Bestand am IfK; Nachweis für KrimDok 
LOK |0 852   |a DE-21-110 
LOK |0 852 1  |m v  |9 00 
LOK |0 935   |a k110 
LOK |0 938   |k v 
LOK |0 939   |a 29-01-14  |b l01 
ORI |a SA-MARC-krimdoka001.raw